| 000 | 00560nam a22001937a 4500 | ||
|---|---|---|---|
| 999 |
_c525712 _d525712 |
||
| 003 | NUST | ||
| 005 | 20190704053401.0 | ||
| 008 | 190704b ||||| |||| 00| 0 eng d | ||
| 038 | _aWaseem | ||
| 082 |
_a891.421 _bMUH |
||
| 100 |
_aKhan, Muhammad Asif _914447 |
||
| 245 |
_aAkhiyan Mian Jogi Ne / _c Muhammad Asif Khan |
||
| 260 |
_aLahore : _bPakistan Punjabi Adbi Board, _c1998. |
||
| 300 | _a216 p. : | ||
| 500 | _aPaperback. | ||
| 880 |
_6100-01\r _aمحمد آصف خان |
||
| 880 |
_6245-02\r _aآکھیا میاں جوگی نے / |
||
| 942 |
_2ddc _cBK |
||